| 000 | 00347nam a2200145Ia 4500 | ||
|---|---|---|---|
| 008 | 230917s9999||||xx |||||||||||||| ||und|| | ||
| 040 |
_e188206 _aMAIN |
||
| 041 | _aEnglish | ||
| 082 | _a588 M294T | ||
| 100 | _aMalhotra, Manas | ||
| 245 | 0 | _aTextbook of bryophyta | |
| 260 |
_aNew Delhi _bWisdom Press _c2012 |
||
| 300 | _a265 p. | ||
| 942 | _cBK | ||
| 999 |
_c158802 _d158802 |
||